000
00346nam a2200133 a 4500
005
20140414131908.0
008
101002s19uu xx 00 eng d
050
_a
ER
_b
El1 199?
100
_a
Base, Graeme
245
_a
The eleventh hour :
_b
a curious mystery.
260
_a
New York :
_b
Harry N. Abrams,
_c
199?.
440
_a
999
_c
111038
_d
111038